Three essays in roman law.

Gorde:
Xehetasun bibliografikoak
Egile nagusia: Olivecrona, Karl (Egilea)
Formatua: Liburua
Argitaratua: Copenhagen, Denmark: Ejnar Munksgaard, 1949.
Gaiak:
Etiketak: Etiketa erantsi
Etiketarik gabe, Izan zaitez lehena erregistro honi etiketa jartzen!

MARC

LEADER 00000nam a22000007a 4500
003 CL-VaPUC
005 20221021100108.0
008 220624t1949 ||||| |||| 00| 0 eng d
999 |c 436334  |d 436332 
040 |c Pontificia Universidad Católica de Valparaíso 
082 7 |a 340.54 OLI 1949  |2 22 
100 1 |a Olivecrona, Karl  |e author  |9 877837 
245 |a Three essays in roman law.  
260 |a Copenhagen, Denmark:  |b Ejnar Munksgaard,   |c 1949. 
300 |a 91 páginas 
500 |a c.1 Donación Familia Prof. Alejandro Guzmán Brito. 
583 |c 20220624  |k Cristina María Rojas Aguilar 
650 |a Derecho romano  |x Ensayos   |9 871437 
942 |2 ddc  |c BK  |n 0 
952 |0 0  |1 0  |2 ddc  |4 0  |6 340_540000000000000_OLI_1949  |7 0  |8 C_AGB  |9 584040  |a BIBDER  |b BIBDER  |d 2022-06-24  |e Donación   |i 5652107  |o 340.54 OLI 1949  |p 5652107  |r 2023-01-25  |t 1  |w 2022-06-24  |y BK_US  |k AGB